Sustainable urban drainage (Record no. 68420)

MARC details
000 -LEADER
fixed length control field 01185cam a2200241 4500
001 - CONTROL NUMBER
control field ABS64585
008 - FIXED-LENGTH DATA ELEMENTS--GENERAL INFORMATION
fixed length control field 010928n2001 000 0 eng u
035 ## - SYSTEM CONTROL NUMBER
System control number (Sirsi) u114900
100 ## - MAIN ENTRY--PERSONAL NAME
Personal name Howe, J.
245 ## - TITLE STATEMENT
Title Sustainable urban drainage
260 ## - PUBLICATION, DISTRIBUTION, ETC.
Date of publication, distribution, etc. 2001
490 ## - SERIES STATEMENT
Series statement Town & Country Planning
Volume/sequential designation 70(9) September 2001, 242-244(3)
520 ## - SUMMARY, ETC.
Summary, etc. Suggests that generations of ignorance about the dynamics of river catchments and their relationship to development patterns has reduced our ability to cope with severe rainfall events. The recent past has demonstrated that current techniques used to drain our urban areas are inadequate and unsustainable. Looks at the problems with traditional drainage methods, and suggests these can be very damaging. Supported by a case study, explains how the planning system could be used to support the introduction of sustainable urban drainage systems.
590 ## - LOCAL NOTE (RLIN)
Local note ABS
650 ## - SUBJECT ADDED ENTRY--TOPICAL TERM
Topical term or geographic name entry element DRAINAGE
650 ## - SUBJECT ADDED ENTRY--TOPICAL TERM
Topical term or geographic name entry element URBAN AREAS
650 ## - SUBJECT ADDED ENTRY--TOPICAL TERM
Topical term or geographic name entry element SUSTAINABLE URBAN DRAINAGE SYSTEMS
650 ## - SUBJECT ADDED ENTRY--TOPICAL TERM
Topical term or geographic name entry element FLOODING
650 ## - SUBJECT ADDED ENTRY--TOPICAL TERM
Topical term or geographic name entry element CASE STUDY
690 ## - LOCAL SUBJECT ADDED ENTRY--TOPICAL TERM (OCLC, RLIN)
Topical term or geographic name as entry element ENVIRONMENTAL AND LAND CONSULTANCY-PLANNING AND DEVELOPMENT
700 ## - ADDED ENTRY--PERSONAL NAME
Personal name White, I.
942 ## - ADDED ENTRY ELEMENTS (KOHA)
Suppress in OPAC 0
Holdings
Withdrawn status Lost status Source of classification or shelving scheme Damaged status Not for loan Home library Current library Shelving location Date acquired Total Checkouts Full call number Barcode Date last seen Copy number Price effective from Koha item type
    Dewey Decimal Classification     London London Journal article 28/09/2001   ABS64585 114900-1001 06/08/2019 1 06/08/2019 Journal article